[Event "FRA-chT Top 12 2019"]
[Site "Brest"]
[Date "2019.05.22"]
[Round "5.3"]
[White "Solodovnichenko, Yuri"]
[Black "Cramling, Pia"]
[Result "0-1"]
[WhiteElo "2572"]
[BlackElo "2454"]
[Annotator "TA"]
[PlyCount "112"]
[EventDate "2019.05.18"]
[EventType "team-tourn"]
[EventCountry "FRA"]
[SourceTitle "playchess.com"]
[Source "ChessBase"]
[SourceQuality "1"]

{[%evp 10,112,33,28,42,33,33,17,36,0,27,0,43,-10,0,-6,-12,-13,0,0,0,0,0,0,0,0,26,0,0,-203,-200,-336,-329,-345,-344,-335,-335,-278,-233,-245,-233,-227,-226,-226,-226,-302,-300,-329,-327,-346,-355,-340,-344,-436,-435,-424,-435,-435,-264,-379,-358,-381,-354,-381,-382,-372,-383,-366,-381,-373,-368,-377,-361,-556,-536,-538,-539,-516,-514,-835,-818,-3136,-1099,-909,-558,-550,-538,-527,-524,-570,-562,-29971,-29968,-29958,-8622,-5240,-5240,-5202,-5197,-5118,-5110,-4132,-4132,-843,-839]} 1. e4 c5 2. Nf3 e6 3. d4 cxd4 4. Nxd4 Nc6 5. Nc3 a6 6. a3 d6 {B46: Sicilian: Taimanov: 5 Nc3 a6} 7. Be3 Nf6 8. f4 Be7 {The position is equal.} 9. Qf3 e5 10. Nxc6 bxc6 11. Bc4 (11. fxe5 $14 dxe5 12. h3) (11. f5 d5 12. exd5 cxd5 13. O-O-O e4 14. Qf4 O-O 15. Be2 Bd6 {0-1 (24) Solodovnichenko,Y (2531)-Naiditsch,A (2697) Brest 2018}) 11... exf4 $146 ({Predecessor:} 11... O-O 12. f5 Bb7 13. O-O-O Qa5 14. Bg5 Qc5 15. Ba2 {½-½ (43) Jones,W (2124)-Pritchett,C (2315) Daventry 2014}) 12. Bxf4 O-O 13. O-O Be6 14. Bxe6 fxe6 15. Qh3 e5 16. Bg5 Qc8 17. Qd3 Qe6 18. Rad1 Ng4 19. Bxe7 $2 (19. Be3 $11 {and White stays safe.}) 19... Qxe7 $19 20. Qc4+ (20. Kh1 {is a better defense.}) 20... Kh8 21. Qxc6 Qa7+ ({Not} 21... Qh4 22. h3 $17) 22. Kh1 Nf2+ 23. Rxf2 Rxf2 24. Qxd6 Raf8 25. Qd3 {[#]} Qd4 $1 $40 {[%mdl 640] ( -> ...Qxd3). White is in trouble.} 26. h3 (26. Qxd4 exd4) 26... Qxd3 27. Rxd3 Rxc2 {[%mdl 4096] Endgame KRR-KRN} 28. Nd1 h6 29. b4 Rc4 30. Nc3 Rfc8 31. Na4 Rxe4 32. Nc5 Re1+ 33. Kh2 {[#]} a5 $1 34. Kg3 (34. Rd5 {was called for.}) (34. bxa5 Rxc5) 34... axb4 35. axb4 Rb1 36. Re3 Rxb4 37. Rxe5 Rb5 38. Nd7 Rb2 39. Rc5 Ra8 40. h4 Kg8 41. h5 (41. Rc1 $142) 41... Raa2 42. Rc8+ Kf7 43. Ne5+ Ke6 44. Re8+ (44. Ng6 $142 Rxg2+ 45. Kf3) 44... Kf5 45. Kh3 Rxg2 (45... Re2 $142 46. g4+ Kf6 47. Nd7+ Kg5 48. Rxe2 Rxe2) 46. Nf3 Kf6 47. Rf8+ Ke7 48. Rf4 Rge2 49. Nh4 Ke6 50. Nf3 {intending Nd4+.} Ra3 51. Kg4 Rg2+ 52. Kh4 {Black is clearly winning.} Rga2 53. Kg3 Ra4 54. Rf8 Ra8 55. Rf4 R2a4 56. Nd4+ Kd5 {Accuracy: White = 50%, Black = 76%.} 0-1

[Event "FRA-chT Top 12 2019"]
[Site "Brest"]
[Date "2019.05.22"]
[Round "5.3"]
[White "Gukesh D"]
[Black "Stevic, Hrvoje"]
[Result "1/2-1/2"]
[WhiteElo "2533"]
[BlackElo "2580"]
[Annotator "TA"]
[PlyCount "65"]
[EventDate "2019.05.18"]
[EventType "team-tourn"]
[EventCountry "FRA"]
[SourceTitle "playchess.com"]
[Source "ChessBase"]
[SourceQuality "1"]

{[%evp 21,65,24,25,26,28,15,11,17,18,8,14,16,33,21,18,25,60,46,61,47,62,56,52,40,52,35,36,0,42,22,25,11,73,66,56,37,76,74,64,37,58,3,8,3,58,31]} 1. c4 e5 2. Nc3 Nc6 3. g3 g6 4. Bg2 Bg7 5. d3 d6 6. e4 Nge7 7. Nge2 O-O 8. O-O Be6 9. Nd5 f5 10. Be3 Qd7 11. Qd2 Rae8 12. Rae1 {A26: English Opening vs King's Indian with ...Nc6 and d3} (12. Rac1 Kh8 13. b4 Nc8 14. exf5 Bxf5 15. d4 exd4 16. Nxd4 Bh3 17. Bxh3 Qxh3 18. Nxc7 Re4 19. Nxc6 bxc6 {1-0 (42) Baghdasaryan,V (2441)-Maiorov,N (2538) Kazan 2016}) 12... Nc8 13. f4 (13. b3 {looks sharper.} Rf7 14. f4 fxe4 15. dxe4 Ref8 16. Rf2) 13... Nd4 14. fxe5 $146 {The position is equal.} ({Predecessor:} 14. b3 c6 15. Ndc3 Ne7 16. Kh1 c5 17. fxe5 dxe5 18. Nd5 Nec6 19. Nxd4 exd4 {½-½ (43) Carvalho,G (2195)-Diaz Hollemaert,N (2348) Montevideo 2001}) 14... Nxe2+ 15. Rxe2 {[#] Black must now prevent Nf6+.} dxe5 16. exf5 Bxf5 17. Ref2 c6 18. Nc3 b6 19. b4 Nd6 20. c5 bxc5 21. Bxc5 Be6 22. Rxf8+ Rxf8 23. Rxf8+ Bxf8 24. Qf2 Bf5 25. d4 exd4 26. Qxd4 Nb5 (26... Nf7 $11 {remains equal.}) 27. Nxb5 $16 cxb5 28. Qxd7 Bxc5+ 29. bxc5 {[#] White wants to mate with Bd5+.} Bxd7 {KB-KB} 30. Kf2 {Threatens to win with Bb7.} Kf7 31. Ke3 ({White should try} 31. Bb7 $1 $14) 31... Ke7 32. Kd4 Be8 ({Better is} 32... Be6 $11) 33. Bd5 {Accuracy: White = 36%, Black = 48%.} 1/2-1/2

[Event "FRA-chT Top 12 2019"]
[Site "Brest"]
[Date "2019.05.22"]
[Round "5.3"]
[White "Godart, Francois"]
[Black "Payen, Arnaud"]
[Result "1-0"]
[WhiteElo "2419"]
[BlackElo "2358"]
[Annotator "TA"]
[PlyCount "99"]
[EventDate "2019.05.18"]
[EventType "team-tourn"]
[EventCountry "FRA"]
[SourceTitle "playchess.com"]
[Source "ChessBase"]
[SourceQuality "1"]

{[%evp 15,99,33,42,39,71,59,66,61,75,58,46,48,71,57,59,66,54,51,68,58,69,31,48,16,16,20,25,19,26,12,12,12,12,11,14,0,14,6,22,22,30,18,29,13,14,18,21,21,29,22,29,29,169,169,171,171,171,163,164,164,164,164,266,266,266,266,306,253,313,321,313,310,436,392,475,473,620,614,793,721,1470,1223,1100,1098,5065,4309]} 1. e4 Nf6 2. e5 Nd5 3. d4 d6 4. c4 Nb6 5. exd6 exd6 6. Nc3 Be7 7. Bd3 Nc6 8. Nge2 Bg4 9. Be3 {B03: Alekhine's Defence: Four Pawns Attack} (9. f3 Bh4+ 10. g3 Bxf3 11. O-O Bxe2 12. Qxe2+ Be7 13. Qe4 Qd7 14. Nd5 Nxd5 15. cxd5 Nb4 16. Bb1 Qb5 17. Bg5 {1-0 (31) Volokitin,A (2649)-Bortnyk,O (2581) Doha 2016}) 9... Bh5 10. O-O Bf6 11. Qd2 {White is slightly better.} Bg6 $146 ({Predecessor:} 11... O-O 12. Nf4 Bg6 13. Nxg6 hxg6 14. Be2 Re8 15. b3 Ne7 16. Ne4 {0-1 (61) Mueller,R (2047)-Kuhne,D (2136) Germany 2003}) 12. Nf4 Bxd3 13. Qxd3 O-O 14. Nh5 Bh4 15. Rad1 g6 16. Nf4 Bf6 17. b3 Bg7 18. a3 Re8 19. c5 Nd7 20. cxd6 cxd6 21. Nfd5 Nb6 22. Nxb6 axb6 23. a4 d5 24. Nb5 Rc8 25. Qd2 Re6 26. Rfe1 Qe7 27. Bg5 Bf6 28. Rxe6 Qxe6 29. Bxf6 Qxf6 30. Re1 h5 31. h3 Kg7 32. Re3 Qf4 33. g3 Qf5 (33... Qg5 $11) 34. Nd6 $18 {[%mdl 64] [#] Double Attack} Qxh3 35. Nxc8 Qxc8 {[%mdl 4096] Endgame KQR-KQN} 36. Rf3 Qg4 37. Qf4 Qxf4 38. Rxf4 {KR-KN} f5 (38... Nd8 $142 39. Rf3 Kf8) 39. Rf3 Kf6 40. Rd3 f4 41. b4 {[%cal Bb3b4,Bb4b5][%mdl 32]} Kf5 42. b5 Na5 43. gxf4 Nc4 (43... Kxf4 {was necessary.} 44. Re3 Nc4) 44. Rg3 Nb2 45. Rg5+ {White is clearly winning.} Ke4 46. Rxg6 Nxa4 47. Rf6 h4 48. Kg2 Kxd4 49. Re6 Nc3 50. f5 {Accuracy: White = 71%, Black = 45%.} 1-0

[Event "FRA-chT Top 12 2019"]
[Site "Brest"]
[Date "2019.05.22"]
[Round "5.4"]
[White "Rodshtein, Maxim"]
[Black "Postny, Evgeny"]
[Result "1/2-1/2"]
[WhiteElo "2699"]
[BlackElo "2603"]
[Annotator "TA"]
[PlyCount "109"]
[EventDate "2019.05.18"]
[EventType "team-tourn"]
[EventCountry "FRA"]
[SourceTitle "playchess.com"]
[Source "ChessBase"]
[SourceQuality "1"]

{[%evp 9,109,29,29,27,19,7,3,20,13,9,16,16,11,12,39,36,53,36,53,21,27,22,24,29,20,16,25,24,29,24,33,32,31,37,98,96,103,101,107,114,125,112,143,142,174,103,100,107,111,103,133,134,129,133,132,131,138,127,139,133,139,141,181,174,194,160,247,114,122,60,73,62,89,8,31,0,8,8,8,8,8,8,8,8,19,8,56,38,53,52,41,52,60,0,0,0,0,0,0,0,0,0]} 1. c4 c6 2. Nf3 d5 3. d4 Nf6 4. e3 Bf5 5. Nc3 a6 6. Be2 {D15: Slav Defence: 4 Nc3 a6 and gambit lines after 4 Nc3 dxc4} h6 7. Qb3 Ra7 8. cxd5 cxd5 9. Ne5 e6 10. O-O Be7 11. Bd2 Nfd7 $146 (11... O-O {is more complex.} 12. Rac1 Nfd7 13. Nxd7 Qxd7 14. Na4 Nc6) ({Predecessor:} 11... O-O 12. Rfc1 Nfd7 13. Nxd7 {½-½ (70) Rodshtein,M (2678)-Antipov,M (2597) Sochi 2018}) 12. Nxd7 Nxd7 13. Rfc1 O-O 14. Nd1 Nb8 15. Bb4 Bxb4 16. Qxb4 Nc6 17. Qa3 Re8 18. Rc5 Qd6 19. Rac1 e5 20. dxe5 Rxe5 21. Qb3 Ne7 (21... d4 $14 22. Qb6 Rxc5 23. Rxc5 Qd7) 22. Rc7 $16 d4 23. Rxb7 Rxb7 24. Qxb7 d3 25. Bf3 d2 26. Rc4 Be6 27. Qb4 (27. Qa8+ $18 Kh7 28. Ra4) 27... Qxb4 28. Rxb4 Bxa2 29. Rd4 Bd5 30. Bxd5 Rxd5 31. Rxd5 Nxd5 {[%mdl 4096] Endgame KN-KN} 32. Kf1 Kf8 33. Ke2 Ke7 34. Kxd2 Kd6 35. e4 Nb4 36. Ne3 Ke5 37. f3 Kd4 (37... h5 $16 {is a better defense.} 38. Kc3 Nc6) 38. b3 (38. Nf5+ $18 Ke5 39. Nxg7) 38... g6 39. Nc4 ({White should play} 39. Ng4 $16) 39... Nd3 40. Nd6 Ne5 41. Nb7 (41. f4 $16 Nd3 42. g3 (42. Nxf7 Nxf4 43. g3 Ne6 $14)) 41... h5 42. h4 Nc6 43. Nd6 Ne5 44. Ne8 Nc6 45. Nc7 Nb4 46. g3 Kc5 47. Ne8 Nc6 48. Kc3 $1 a5 49. Nf6 Ne5 $1 50. f4 Nf3 51. e5 (51. f5 $1 $14) 51... Nd4 $11 {The position is equal.} 52. Ne4+ Kd5 53. Nf6+ Kc5 54. Ne4+ Kd5 55. Nf6+ {Accuracy: White = 64%, Black = 61%.} 1/2-1/2

[Event "FRA-chT Top 12 2019"]
[Site "Brest"]
[Date "2019.05.22"]
[Round "5.4"]
[White "Heimann, Andreas"]
[Black "Hamdouchi, Hicham"]
[Result "1/2-1/2"]
[WhiteElo "2627"]
[BlackElo "2584"]
[Annotator "TA"]
[PlyCount "47"]
[EventDate "2019.05.18"]
[EventType "team-tourn"]
[EventCountry "FRA"]
[SourceTitle "playchess.com"]
[Source "ChessBase"]
[SourceQuality "1"]

{[%evp 19,47,0,11,12,21,21,10,12,16,-4,0,0,50,-29,-31,-32,-10,-11,38,31,39,10,13,12,14,14,12,-16,-5,-29]} 1. d4 Nf6 2. c4 g6 3. Nc3 d5 4. Nf3 Bg7 5. Qb3 dxc4 6. Qxc4 O-O 7. e4 a6 8. Be2 b5 9. Qb3 c5 10. dxc5 Be6 11. Qc2 {D97: Grünfeld: Russian System: 7 e4, replies other than 7...Bg4} Nbd7 12. Be3 Rc8 13. Rd1 {Black must now prevent Ng5.} Qa5 (13... b4 $5 {[%cal Rb4c3]}) (13... b4 14. Nd5 Bxd5 15. exd5 Nxc5 16. O-O Nce4 17. Qd3 Qd6 18. Qxa6 Rc2 {½-½ (67) Giri,A (2755)-Nepomniachtchi,I (2740) Moscow 2016}) 14. c6 Nb8 15. Nd4 Bc4 $146 ({Predecessor:} 15... Ng4 16. Bxg4 Bxg4 17. f3 Bxd4 18. Bxd4 Be6 {0-1 (48) Reshetnikov,R (2068)-Ovchinnikov,V (2231) Samara 2015}) 16. e5 (16. Bxc4 $14 bxc4 17. O-O) 16... Nd5 $11 17. Bd2 Nb4 18. Qe4 Qb6 {[#] Threatens to win with ...Qxd4!} 19. Be3 {a3 is the strong threat.} ({Reject} 19. Bxc4 Qxd4 20. Bb3 (20. Bxf7+ $2 Rxf7 21. O-O Bxe5 $19) 20... N8xc6 $17) 19... Qc7 20. f4 N8xc6 {The position is equal.} 21. a3 {aiming for Bxc4.} Nxd4 22. Rxd4 Nc6 23. Rd2 Na5 24. Nd5 {Accuracy: White = 54%, Black = 64%.} 1/2-1/2

[Event "FRA-chT Top 12 2019"]
[Site "Brest"]
[Date "2019.05.22"]
[Round "5.4"]
[White "Wagner, Dennis"]
[Black "Giroyan, Gary"]
[Result "1/2-1/2"]
[WhiteElo "2578"]
[BlackElo "2409"]
[Annotator "TA"]
[PlyCount "86"]
[EventDate "2019.05.18"]
[EventType "team-tourn"]
[EventCountry "FRA"]
[SourceTitle "playchess.com"]
[Source "ChessBase"]
[SourceQuality "1"]

{[%evp 11,86,9,12,14,26,10,31,26,30,39,55,55,52,50,53,50,38,27,67,67,46,54,61,53,101,64,60,62,73,54,120,111,113,106,118,117,112,56,69,41,31,5,27,16,25,6,19,10,7,10,10,15,79,14,29,21,36,32,41,9,9,9,8,10,17,0,0,0,0,-37,0,0,3,3,7,5,15]} 1. d4 Nf6 2. c4 e6 3. g3 c5 4. Nf3 cxd4 5. Nxd4 Bb4+ 6. Bd2 Bc5 7. Nb3 {A32: Symmetrical English: 2 Nf3 Nf6 3 d4 cxd4 4 Nxd4 e6} Be7 8. Bg2 {next Ba5 is good for White.} d6 (8... Nc6 9. Nc3 b6 10. Bf4 Bb7 11. O-O O-O 12. e4 d6 13. Qe2 Qb8 14. Rfd1 Ne5 15. Nd4 Rc8 16. b3 a6 17. a4 {½-½ (17) Bai,J (2544)-Ernst,S (2554) Groningen 2016}) 9. Nc3 {White is slightly better.} O-O 10. O-O Nbd7 11. Bf4 e5 $146 ({Predecessor:} 11... Nb6 12. Qd3 e5 13. Bg5 Be6 14. Na5 Rb8 {½-½ (14) Salazar,C (2243)-Hernandez,I (2195) Lima 1999}) 12. Be3 $36 {[%mdl 2048] White has some pressure.} a6 13. h3 Rb8 14. a4 Nb6 15. Qd3 Be6 16. Nd2 Qc7 {[%cal Rb6c4]} 17. Rfc1 Rfc8 18. b3 {[%cal Bb2b3,Bb3b4][%mdl 32]} Nbd7 19. a5 Nc5 20. Qc2 Qd7 ({Black should play} 20... Ncd7 $14) 21. b4 $16 Bf5 22. Qd1 {[#] aiming for g4.} Ne6 23. Na4 Bd8 24. Nf3 (24. h4 $16) 24... h6 25. Ra2 {[%cal Ba1a2,Ba2d2,Bd2d6][%mdl 32]} Nf8 26. g4 Be6 27. Rd2 Qe8 28. Rxd6 Bxc4 29. Nc5 Bb5 30. Nd2 b6 (30... Be7 {is interesting.} 31. Rb6 Bc6 32. Bxc6 Rxc6 33. Nc4 Ng6) 31. axb6 Rxb6 (31... Bxb6 $11 32. Nde4 Nxe4 33. Bxe4 Qe7) 32. Nde4 (32. Nc4 $16 Rbb8 33. Bb7 (33. Nxa6 Bxa6 34. Rxa6 Qb5 $14)) 32... Nxe4 $11 33. Nxe4 Rxc1 34. Qxc1 Rb8 35. Rd2 (35. Ba7 $5 {[%cal Ra7b8]} Ra8 36. Bc5 $14) 35... Be7 36. Bc5 Ne6 37. e3 Rc8 38. Nd6 Bxd6 $1 39. Rxd6 a5 {[#] ...axb4 is the strong threat.} 40. Qa3 axb4 41. Bxb4 {The position is equal.} Bc6 42. Qa5 Bxg2 43. Kxg2 Ng5 {Accuracy: White = 60%, Black = 52%.} 1/2-1/2

[Event "FRA-chT Top 12 2019"]
[Site "Brest"]
[Date "2019.05.22"]
[Round "5.4"]
[White "Cornette, Matthieu"]
[Black "Barbot, Pierre"]
[Result "1-0"]
[WhiteElo "2553"]
[BlackElo "2439"]
[Annotator "TA"]
[PlyCount "93"]
[EventDate "2019.05.18"]
[EventType "team-tourn"]
[EventCountry "FRA"]
[SourceTitle "playchess.com"]
[Source "ChessBase"]
[SourceQuality "1"]

{[%evp 9,93,7,4,5,15,11,22,21,24,18,33,24,14,5,73,-9,0,0,48,40,51,47,175,165,164,172,165,172,166,166,165,172,174,160,159,161,210,133,319,322,315,312,325,323,314,314,305,289,396,395,382,387,443,450,438,430,362,336,597,589,589,589,589,589,860,828,1020,775,1012,978,1020,1008,960,945,881,833,1805,1807,1800,1692,1934,1829,1750,1483,1258,1202]} 1. e4 e5 2. Nf3 Nc6 3. d4 exd4 4. Nxd4 Qf6 5. Nf3 Bb4+ 6. c3 {C45: Scotch Game} Bc5 7. Be2 d6 8. O-O {The position is equal.} Nge7 9. Bg5 Qg6 10. b4 Bb6 $1 11. Bh4 Ne5 $146 (11... a5 $11) ({Predecessor:} 11... Qh6 12. Nbd2 Ng6 13. Bg3 {½-½ (41) Giri,A (2773)-Andreikin,D (2736) Wijk aan Zee 2017}) 12. c4 (12. Nbd2 $16) 12... Nxf3+ $11 13. Bxf3 Qe6 14. e5 $36 {[%mdl 2048] [#] And now exd6 would win. White is pushing.} Nf5 15. exd6 $1 Nxh4 ({Black should play} 15... Qxd6 $14 16. Re1+ Be6) 16. Re1 $18 Nxf3+ 17. gxf3 cxd6 18. Nc3 {[#] Qxd6 is the strong threat.} O-O 19. Rxe6 Bxe6 20. Nd5 ({But not} 20. Qxd6 $6 Rfd8 $11) 20... Bd8 21. Rc1 Rc8 22. Qd4 b5 23. c5 Bg5 $2 (23... dxc5 $16 24. bxc5 (24. Rxc5 a6 $16) 24... Bg5) 24. f4 dxc5 25. Rxc5 (25. bxc5 Rfd8 $16) 25... Rxc5 26. bxc5 ({Not} 26. Qxc5 Rc8 $16) 26... Rd8 27. fxg5 {Ne7+ would kill now.} Rxd5 {[%mdl 4096] Endgame KQ-KRB} 28. Qe3 Kf8 29. h4 Ke7 30. Qa3 a5 31. Qxa5 Rxc5 32. a4 Rc1+ 33. Kh2 bxa4 $2 (33... Rc4 34. Qxb5 Rxh4+ 35. Kg3 Rg4+ 36. Kf3 Kd6) 34. Qb4+ {White is clearly winning.} Ke8 35. Qxa4+ Bd7 36. Qd4 Re1 37. Qxg7 Re2 38. Qh8+ Ke7 39. Kg3 Re4 40. Qxh7 Rg4+ 41. Kf3 Be6 42. Qh8 Rc4 43. h5 Rc5 44. Qf6+ Ke8 45. Kg3 Rf5 46. Qh8+ Ke7 47. f4 {Accuracy: White = 86%, Black = 40%.} 1-0

[Event "FRA-chT Top 12 2019"]
[Site "Brest"]
[Date "2019.05.22"]
[Round "5.4"]
[White "Miezis, Normunds"]
[Black "Cossin, Sebastien"]
[Result "1/2-1/2"]
[WhiteElo "2456"]
[BlackElo "2494"]
[Annotator "TA"]
[PlyCount "88"]
[EventDate "2019.05.18"]
[EventType "team-tourn"]
[EventCountry "FRA"]
[SourceTitle "playchess.com"]
[Source "ChessBase"]
[SourceQuality "1"]

{[%evp 18,88,0,0,0,0,11,-9,0,0,-7,-35,-22,-32,27,-10,0,-16,68,58,66,64,58,60,73,66,91,64,80,56,58,73,58,16,28,16,17,15,10,15,17,16,72,0,9,-14,-11,-13,-13,-19,-11,-12,-10,-12,0,0,0,-51,-29,-34,-8,-40,0,0,0,-5,0,-10,0,0,0,-21,0]} 1. c4 e5 2. Nc3 Nc6 3. Nf3 Nf6 4. g3 Bb4 5. Bg2 O-O 6. O-O e4 7. Ng5 Bxc3 8. bxc3 Re8 9. d3 exd3 10. exd3 h6 {A29: English Opening: Four Knights Variation with 4 g3} (10... d6 11. h3 Bf5 12. g4 Bd7 13. Nf3 Be6 14. Rb1 d5 15. cxd5 Nxd5 16. Qd2 Nb6 17. c4 Qe7 18. Qc3 Rad8 {0-1 (32) Gabriel,C (2514)-Lampert,J (2514) Germany 2018}) 11. Nf3 d6 12. Nd4 Ne5 $146 ({Predecessor:} 12... Bd7 13. Rb1 Rb8 14. Be3 Nxd4 15. cxd4 b6 16. d5 Bg4 17. Qd2 Qd7 18. Rfe1 {0-1 (29) Feldmann,G (1823)-Fett,H (1793) Mittelfranken 2008}) 13. f4 Ng6 14. h3 c5 15. Nb3 d5 ({Better is} 15... Bd7 $15) 16. Nxc5 dxc4 17. d4 Nd5 (17... Ne7 $1 $11) 18. Qf3 $1 $14 {[%cal Rf3d5]} Nge7 19. f5 $1 $36 {[%mdl 2048] Black is under pressure.} Bxf5 20. Nxb7 Qb6 21. Nc5 Rac8 22. g4 Bg6 23. Rf2 f6 24. h4 Bf7 25. Bd2 Ng6 $1 {[%cal Rg6h4]} 26. Qg3 {Threatening g5.} Qb8 27. Qxb8 Rxb8 28. h5 Nf8 29. Ne4 {Strongly threatening Nd6.} Red8 (29... Rb6 $11) 30. Raf1 ({White should try} 30. Bf1 $16) 30... Rb6 31. g5 (31. Re1 {looks sharper.} Ne6 32. Bf1 Ng5 33. Bxg5 hxg5 34. Bxc4 Be6 35. Kh2) 31... hxg5 32. h6 gxh6 33. Nxf6+ Nxf6 34. Rxf6 Rxf6 35. Rxf6 Kg7 36. Ra6 Rd7 37. Ra5 (37. Be3 $11) 37... Ng6 38. Bc6 Rc7 39. Bf3 Ne7 (39... Nh4 $5 {[%cal Rh4f3]} 40. Be2 Rb7 $15) 40. Be1 {The position is equal.} Rd7 41. Bg4 Rb7 42. Bf3 Rd7 43. Bg4 Rb7 44. Bf3 Rd7 {Accuracy: White = 57%, Black = 52%.} 1/2-1/2

[Event "FRA-chT Top 12 2019"]
[Site "Brest"]
[Date "2019.05.22"]
[Round "5.4"]
[White "Cornette, Deimante"]
[Black "Bailet, Pierre"]
[Result "1/2-1/2"]
[WhiteElo "2433"]
[BlackElo "2466"]
[Annotator "TA"]
[PlyCount "88"]
[EventDate "2019.05.18"]
[EventType "team-tourn"]
[EventCountry "FRA"]
[SourceTitle "playchess.com"]
[Source "ChessBase"]
[SourceQuality "1"]

{[%evp 15,88,16,37,27,34,24,22,11,16,12,12,11,21,15,19,23,31,31,23,27,40,23,25,17,25,14,18,4,13,0,40,24,16,22,41,-16,-27,-77,-60,-15,-20,-37,0,-101,-94,-176,-196,-170,-60,-63,-42,-45,-39,-279,-72,-77,-72,-72,-70,-83,-71,-54,-10,-40,-31,-33,-9,-66,-41,-60,-45,-90,-79,-73,-54]} 1. e4 e5 2. Nf3 Nc6 3. Bb5 a6 4. Ba4 d6 5. O-O Bd7 6. c3 g6 7. d4 Bg7 8. Bg5 Nge7 9. d5 {C76: Ruy Lopez: Deferred Steinitz: 5 c3 Bd7 6 d4 g6} Nb8 10. Bxd7+ (10. Bc2 {looks sharper.} h6 11. Bd2 O-O 12. c4 f5 13. Nc3) 10... Nxd7 11. c4 {The position is equal.} h6 12. Be3 f5 13. Nc3 O-O 14. Ne1 $146 ({Predecessor:} 14. Qb3 f4 15. Bc1 {1-0 (34) Krol,W (2255)-Sakai,K (2542) Chessfriend.com 2003}) 14... f4 15. Bd2 Nf6 16. f3 g5 17. Nd3 Ng6 18. b4 Rf7 19. Rc1 Bf8 20. Be1 h5 21. Rf2 g4 22. Rfc2 g3 23. hxg3 fxg3 24. Bxg3 Bh6 25. Rb1 (25. Be1 $1 $14) 25... h4 $1 $11 {[%cal Rh4g3]} 26. Bh2 Be3+ {[%mdl 1024] Black has strong compensation.} (26... Nh5 $5 {[%cal Rh6e3]} 27. Qe2 Qg5 $15) 27. Nf2 Nh5 28. Kf1 Qd7 {Strongly threatening ...Raf8.} 29. Qd3 {[#]} (29. Qe1 $11 {remains equal.} Bxf2 30. Rxf2 (30. Qxf2 h3 $11)) 29... Bf4 $1 $17 {[%cal Rf4h2]} 30. Bxf4 (30. Kg1 $17) 30... Ngxf4 $19 31. Qe3 Ng3+ (31... Raf8 $19 32. Kg1 h3) 32. Kg1 $15 Raf8 33. Ng4 Rh7 34. Kh2 $2 ({White should try} 34. Ne2 $1 $15) 34... Qg7 $2 (34... Qd8 $19 {is more deadly. aiming for ...h3.} 35. Ne2 h3 36. Nxf4 (36. Nxg3 $2 hxg2+ 37. Kg1 Qh4 $19) 36... exf4) 35. Ne2 $17 Ngxe2 36. Rxe2 Nxe2 37. Qxe2 Qg5 38. Qe3 Rf4 {[#] Threatens to win with ...Rxg4.} 39. Re1 Rhf7 40. Kh3 Rg7 {[%cal Rf4g4] ...Rxg4 is the strong threat.} 41. Re2 (41. Qe2 $11) 41... b6 $15 42. Kh2 Rgf7 43. Kh3 Kg7 44. Re1 Rf8 {Accuracy: White = 35%, Black = 53%.} 1/2-1/2

[Event "FRA-chT Top 12 2019"]
[Site "Brest"]
[Date "2019.05.22"]
[Round "5.5"]
[White "Van Wely, Loek"]
[Black "Smith, Axel"]
[Result "1-0"]
[WhiteElo "2600"]
[BlackElo "2481"]
[Annotator "TA"]
[PlyCount "81"]
[EventDate "2019.05.18"]
[EventType "team-tourn"]
[EventCountry "FRA"]
[SourceTitle "playchess.com"]
[Source "ChessBase"]
[SourceQuality "1"]

{[%evp 18,81,10,0,0,0,0,0,0,1,39,14,25,18,156,175,337,332,345,330,458,431,444,458,421,448,481,422,862,533,1010,472,1252,1202,1137,1016,1132,1044,1027,1038,1034,1014,1290,931,1599,1060,1046,1012,1111,1078,1124,1102,1077,1035,7450,6188,29976,29977,29979,29980,29979,29980,29983,29984,29988,29987]} 1. d4 d5 2. c4 c6 3. Nf3 Nf6 4. Nc3 dxc4 5. a4 e6 6. e4 Bb4 7. e5 Nd5 8. Bd2 b5 9. axb5 Bxc3 10. bxc3 cxb5 {D31: Queen's Gambit Declined: Semi-Slav without ...Nf6 (+ Marshall Gambit and Noteboom) and Exchange Variation lines without ...Nf6} 11. Ng5 Nc6 $1 12. Qh5 {[%csl Gg5][%cal Rh5f7]} Qe7 $1 {The position is equal.} 13. h4 Bb7 (13... b4 $5 {[%cal Rb4c3]} 14. Rh3 bxc3 15. Bxc3 Ncb4 $11) 14. Rh3 {[#]} g6 $146 ({Predecessor:} 14... Nd8 15. Rg3 g6 16. Qd1 f5 17. exf6 Nxf6 18. Qb1 {½-½ (53) Yuffa,D (2522)-Rublevsky,S (2683) Moscow 2017}) 15. Qh6 {Ne4 is the strong threat.} b4 (15... f6 $1 $11 16. Ne4 fxe5) 16. Ne4 $16 {And now Bg5 would win.} bxc3 $2 (16... O-O-O) 17. Nd6+ $18 Kd7 18. Bxc3 Rhb8 19. Bxc4 Ncb4 {Black wants to play ...Nc2+.} 20. Rc1 Bc6 21. Bd2 a5 22. Rf3 f6 (22... Rf8 $142 23. Bxd5 (23. Qxh7 f5 $18) 23... Nxd5) 23. h5 a4 {Now ...a3 and Black clings on.} 24. Ne4 (24. Bxb4 $142 Rxb4 25. Bxd5 exd5 26. Rxf6 Rxd4 {[#]} 27. Rf7 $1 {[%mdl 576] Double Attack} Re4+ 28. Kf1 $1 {[%mdl 512]} Rxe5 29. hxg6 hxg6 30. Qxg6) 24... Rf8 (24... f5 $142) 25. exf6 Nxf6 26. Nxf6+ Kc7 27. Qf4+ Kd8 {[#]} 28. hxg6 $1 hxg6 29. Kf1 Bxf3 30. Qxf3 Nd5 31. Nxd5 {White threatens Qe4! and mate.} Rxf3 32. Nxe7 Rf7 33. Nxg6 Rc7 34. Bxe6 {Intending Bg5+ and mate.} Rxc1+ 35. Bxc1 a3 36. Bxa3 Rxa3 37. f4 {White mates.} Rg3 38. f5 Rg4 39. d5 Ke8 40. Kf2 Rg5 41. Kf3 {Accuracy: White = 74%, Black = 21%.} 1-0